Trusting citizens: Decriminalisation way (Record no. 524823)

000 -LEADER
fixed length control field 00881nam a22001577a 4500
008 - FIXED-LENGTH DATA ELEMENTS--GENERAL INFORMATION
fixed length control field 240118b ||||| |||| 00| 0 eng d
100 ## - MAIN ENTRY--PERSONAL NAME
Personal name Kumar, K.R. Saji
245 ## - TITLE STATEMENT
Title Trusting citizens: Decriminalisation way
260 ## - PUBLICATION, DISTRIBUTION, ETC. (IMPRINT)
Place of publication, distribution, etc Yojana
300 ## - PHYSICAL DESCRIPTION
Extent 68(1), Jan, 2024: p.13-15
520 ## - SUMMARY, ETC.
Summary, etc The objective of the new law is to convert imprisonment for minor offences to monetary penalty wherever possible and to rationalise the penalties depending on the gravity of the offences. It is to avoid dragging people to court premises for smaller, or petty contraventions, or unintended violations; instead, the bill provides for monetary penalties and adjudication by authorities other than formal criminal courts. – Reproduced
650 ## - SUBJECT ADDED ENTRY--TOPICAL TERM
Topical term or geographic name as entry element Jan Vishwas Amendment of Provisions Bill 2023, Jan Vishwas Act 2023
9 (RLIN) 48179
773 ## - HOST ITEM ENTRY
Main entry heading Yojana
906 ## - LOCAL DATA ELEMENT F, LDF (RLIN)
Subject DIP LAWS
942 ## - ADDED ENTRY ELEMENTS (KOHA)
Item type Articles
Holdings
Withdrawn status Lost status Source of classification or shelving scheme Damaged status Not for loan Permanent location Current location Date acquired Serial Enumeration / chronology Barcode Date last seen Koha item type
          Indian Institute of Public Administration Indian Institute of Public Administration 2024-01-18 68(1), Jan, 2024: p.13-15 AR130629 2024-01-18 Articles

Powered by Koha